LEADER 02817oas 2201153 a 450 001 9910143930003321 005 20260127110032.0 011 $a1522-1563 035 $a(DE-599)ZDB1477334-X 035 $a(OCoLC)40070195 035 $a(CONSER)sn 98004859 035 $a(CKB)954925523731 035 $a(DE-599)1477334-X 035 $a(EXLCZ)99954925523731 100 $a19981009a19779999 sy a 101 0 $aeng 135 $aurcn||||||||| 181 $ctxt$2rdacontent 182 $cc$2rdamedia 183 $acr$2rdacarrier 200 10$aAmerican journal of physiology$iCell physiology 210 $aBethesda, MD $cAmerican Physiological Society$d[1977]- 215 $a1 online resource 300 $aRefereed/Peer-reviewed 300 $aTitle from journal homepage (publisher's version, viewed August 6, 2003). 311 08$a0363-6143 517 3 $aCell physiology 517 1 $aAJP: Cell physiology 531 0 $aAm. j. physiol., Cell physiol. 606 $aCell physiology$vPeriodicals 606 $aCell Physiological Phenomena 606 $aCellules$xPhysiologie$vPe?riodiques 606 $aCell physiology$2fast$3(OCoLC)fst00850214 606 $aFisiologia cel·lular$2thub 608 $aPeriodical. 608 $aComputer network resources. 608 $aPeriodicals.$2fast 608 $aPeriodicals.$2lcgft 608 $aRevistes electròniques.$2thub 615 0$aCell physiology 615 2$aCell Physiological Phenomena. 615 6$aCellules$xPhysiologie 615 7$aCell physiology. 615 7$aFisiologia cel·lular. 676 $a612 712 02$aAmerican Physiological Society (1887- ), 801 0$bNSD 801 1$bNSD 801 2$bIUL 801 2$bMXC 801 2$bTJC 801 2$bOCLCQ 801 2$bWAU 801 2$bOCLCQ 801 2$bMUQ 801 2$bOCLCQ 801 2$bHEBIS 801 2$bDLC 801 2$bOCLCQ 801 2$bOCLCO 801 2$bOCLCQ 801 2$bDLC 801 2$bOCLCF 801 2$bVT2 801 2$bEUW 801 2$bOCLCQ 801 2$bCUS 801 2$bIOG 801 2$bOCLCQ 801 2$bOCLCO 801 2$bOCLCQ 801 2$bOCLCA 801 2$bBUF 801 2$bOCLCQ 801 2$bCCO 801 2$bREDDC 801 2$bOCLCO 801 2$bOCLCQ 801 2$bNJR 801 2$bOCLCO 801 2$bOCLCQ 801 2$bU3W 801 2$bCRU 801 2$bWYU 801 2$bOCLCO 801 2$bOCLCA 801 2$bTKN 801 2$bERD 801 2$bOCLCO 801 2$bOCLCQ 801 2$bUBY 801 2$bOCLCQ 801 2$bSFB 801 2$bOCLCL 801 2$bOCLCQ 906 $aJOURNAL 912 $a9910143930003321 996 $aAmerican journal of physiology$9263814 997 $aUNINA